Formas de Estados de EE.UU. #2 - Estadísticas

Estadísticas generales
  • Esta prueba ha sido intentada 1.094 veces
  • La puntuación promedio es 16 de 25
Estadísticas de respuestas
Imagen Respuesta % Correcto
Alaska
98%
California
95%
Míchigan
89%
Idaho
85%
Luisiana
78%
Nueva York
78%
Oklahoma
78%
Carolina del Norte
63%
Wyoming
61%
Nueva Jersey
59%
Dakota del Sur
58%
Maine
58%
Nebraska
57%
Wisconsin
57%
Nuevo Hampshire
56%
Virginia Occidental
56%
Misisipi
54%
Carolina del Sur
53%
Ohio
53%
Iowa
50%
Kansas
49%
Dakota del Norte
46%
Georgia
46%
Connecticut
41%
Oregón
41%
No se encontraron pruebas coincidentes
Distribución de puntuación
Porcentaje de gente con cada puntuación
Porcentaje por número respondido
Historial de tus puntuaciones
No has intentado esta prueba.